000 00865cam a22002657a 4500
999 _c12383
_d12383
003 OSt
005 20240117095156.0
008 090713s2009 sz ae b 001 0 eng
020 _a9783764399535 (pbk.)
041 1 _aeng
_hger
042 _alccopycat
082 0 4 _a729.29
_222
_bMOM
100 1 _aMommertz, Eckard.
240 1 0 _aAkustik und Schallschutz.
_lEnglish
245 1 0 _aAcoustics and sound insulation :
_bprinciples, planning, examples /
_cEckard Mommertz.
250 _a1st ed.
260 _aBasel ;
_aBoston :
_bBirkhäuser/Edition Detail,
_c[2009]
300 _a112 p. :
_bill. (chiefly col.), plans (some col.) ;
_c30 cm.
490 1 _aDetail practice
504 _aIncludes bibliographical references and index.
650 0 _aArchitectural acoustics.
650 0 _aTall buildings
_xSoundproofing.
830 0 _aDetail practice.
942 _2ddc